[Event "Toronto Reserves"]
[Site "Toronto"]
[Date "1984.02.??"]
[Round "2"]
[White "Berner, George"]
[Black "Stepanenko, Bob"]
[Result "1-0"]
[WhiteElo "1975"]
[BlackElo "1890"]
[PlyCount "23"]
[EventDate "1984.02.??"]
[EventType "swiss"]
[EventRounds "11"]
[EventCountry "CAN"]
[SourceTitle "EXT 2022"]
[Source "ChessBase"]
[SourceDate "2021.10.06"]
[SourceVersion "1"]
[SourceVersionDate "2021.10.06"]
[SourceQuality "1"]

1. Nc3 c6 2. Nf3 d5 3. e4 dxe4 4. Nxe4 Bf5 5. Ng3 Bg6 6. h4 h6 7. Ne5 Bh7 8. Qh5 g6 9. Bc4 e6 10. Qe2 Nf6 11. Nxf7 Kxf7 12. Qxe6+ 1-0